Подробности
| 000 -МАРКЕР |
| контрольное поле |
01880nam2a2200253 4500 |
| 001 - ИДЕНТИФИКАТОР ЗАПИСИ |
| контрольное поле |
RU\NLR\BIBL_A\010553531 |
| 005 - ИДЕНТИФИКАТОР ВЕРСИИ |
| контрольное поле |
20250614070907.0 |
| 010 ## - МЕЖДУНАРОДНЫЙ СТАНДАРТНЫЙ НОМЕР КНИГИ (ISBN) |
| Номер (ISBN) |
978-5-7473-0704-9 |
| Тираж |
100 |
| 021 ## - НОМЕР ГОСУДАРСТВЕННОЙ РЕГИСТРАЦИИ |
| Код страны |
Российская Федерация |
| Номер |
2014-73117 |
| Номер Листа государственной регистраци |
4477 |
| 035 ## - ДРУГИЕ СИСТЕМНЫЕ НОМЕРА |
| Идентификатор записи |
(NLR Aleph) 010553531 |
| 100 ## - ДАННЫЕ ОБЩЕЙ ОБРАБОТКИ |
| Данные общей обработки |
20141203d2014 |||y0rusy50 ca |
| 101 0# - ЯЗЫК РЕСУРСА |
| Язык текста, звукозаписи и т.д. |
русский |
| 102 ## - СТРАНА ПУБЛИКАЦИИ ИЛИ ПРОИЗВОДСТВА |
| Страна публикации |
Российская Федерация |
| 105 ## - ПОЛЕ КОДИРОВАННЫХ ДАННЫХ: ТЕКСТОВЫЕ МАТЕРИАЛЫ, МОНОГРАФИЧЕСКИЕ |
| Кодированные данные о монографическом текстовом документе |
a|||j|||000yy |
| 200 1# - ЗАГЛАВИЕ И СВЕДЕНИЯ ОБ ОТВЕТСТВЕННОСТИ |
| Основное заглавие |
Статически определимые системы |
| 210 ## - ПУБЛИКАЦИЯ, РАСПРОСТРАНЕНИЕ И ДР. |
| Дата издания, распространения и т.д. |
2014 |
| Место издания, распространения и т.д. |
Б. м. |
| 215 ## - ФИЗИЧЕСКАЯ ХАРАКТЕРИСТИКА |
| Специфическое обозначение материала и объем |
151 с. |
| Другие сведения о физической характеристике |
ил. |
| 461 #0 - УРОВЕНЬ НАБОРА |
| Встроенное поле |
001RU\NLR\BIBL_A\010651240 |
| -- |
2000#$aСтроительная механика$eучебно-методическое пособие$eв 2 ч.$fЛ. Ю. Кузьмин, В. Н. Сергиенко$gФедер. агентство ж.-д. транспорта, Федер. гос. бюджет. образоват. учреждение высш. проф. образования "Моск. гос. ун-т путей сообщения", Рос. открытая акад. транспорта$vЧ. 1 |
| -- |
700#1$aКузьмин$bЛ. Ю.$cканд. техн. наук, строительство$gЛеонид Юрьевич$3RU\NLR\AUTH\770137241 |
| Системный номер (АБИС) связанной записи |
10705283 |
| Автор |
Кузьмин, Л. Ю. (канд. техн. наук, строительство) |
| Место публикации |
Москва |
| Дата публикации |
2014 |
| Первые сведения об ответственности |
Л. Ю. Кузьмин, В. Н. Сергиенко |
| Имя издателя, распространителя и т.д. |
Московский государственный университет путей сообщения |
| Сведения, относящиеся к заглавию |
учебно-методическое пособие : в 2 ч. |
| Заглавие |
Строительная механика |
| ISBN |
9785747307032 |
| Номер тома |
Ч. 1 |
| 606 1# - НАИМЕНОВАНИЕ ТЕМЫ КАК ПРЕДМЕТ |
| Наименование темы |
Статически определимые системы |
| Формальный подзаголовок |
Учебно-методические пособия для высших учебных заведений |
| Системный номер авторитетной/нормативной записи |
1928915 |
| Идентификатор авторитетной/нормативной записи |
RU\NLR\AUTH\66880582 |
| 942 ## - ДОПОЛНИТЕЛЬНЫЕ ЭЛЕМЕНТЫ ЗАПИСИ (АБИС) |
| Тип экземпляра АБИС |
Книга |
| 980 ## - КОЛЛЕКЦИЯ |
| Название коллекции |
Национальная библиография |